Statistics for Middle Eastern Rulers

Click here to take the quiz!

General Stats

  • This quiz has been taken 20 times
  • The average score is 5 of 18

Answer Stats

CountryRuler% Correct
TurkeyRecep Tayyip Erdogan
94%
SyriaBashar al-Assad
81%
EgyptAbdel Fattah el-Sisi
63%
JordanAbdullah II
38%
IranHassan Rouhani
38%
Saudi ArabiaSalman
38%
AzerbaijanIlham Aliyev
25%
YemenAbdrabbuh Mansur Hadi
19%
BahrainHamad bin Isa Al Khalifa
19%
United Arab EmiratesKhalifa bin Zayed Al Nahyan
13%
KuwaitSabah Al-Ahmad Al-Jaber Al-Sabah
13%
AfghanistanAshraf Ghani
6%
OmanHaitham bin Tariq Al Said
6%
GeorgiaSalome Zourabichvili
6%
QatarTamim bin Hamad Al Thani
6%
ArmeniaArmen Sarkissian
0%
IraqBarham Salih
0%
IsraelReuven Rivlin
0%

Score Distribution

Percentile by Number Answered

Percent of People with Each Score

Your Score History

You have not taken this quiz